=LDR 00000nam 2200000 4500 =001 NUTBA000000000004861 =005 20141011140837.0 =006 =007 =008 =035 ##$$a 0010-101400000000091 =040 ##$$a Ind =082 ##$$a 959.813 3 =090 ##$$a 959. 813 3$bNas p =100 ##$$a Nasution, A. Muluk =245 ##$$a Pengalaman perjuangan dalam merintis kemerdekaan$bPemberontakan sarikat rakyat silungkang sumatera barat 1926-1927$cA. Muluk nasution =260 ##$$a Jakarta$bMutiara offser$c[19...?]. =300 ##$$a Xxx,253 Hlm$bIlus$c21 cm. =850 ##$$a NBPNMAT =990 ##$$a 00089580 =990 ##$$a 0001/BPAP-NTB/20142014